Cryptography and information security / (Record no. 168645)

MARC details
000 -LEADER
fixed length control field 00634nam a22002057a 4500
005 - DATE AND TIME OF LATEST TRANSACTION
control field 20191018124256.0
010 ## - LCCN (DPL NO)
LC control number ENG-126697
020 ## - INTERNATIONAL STANDARD BOOK NUMBER
International Standard Book Number 9789389347104
Terms of availability 350.00
035 ## - SYSTEM CONTROL NUMBER
System control number EN-110229
037 ## - SOURCE OF ACQUISITION
Source of stock number/acquisition DBAD/PUB
082 ## - DEWEY DECIMAL CLASSIFICATION NUMBER
Classification number 005.82
100 ## - MAIN ENTRY--PERSONAL NAME
Personal name Pachghare, V.K.
245 ## - TITLE STATEMENT
Title Cryptography and information security /
Statement of responsibility, etc By V.K. Pachghare
250 ## - EDITION STATEMENT
Edition statement 3rd ed.
260 ## - PUBLICATION, DISTRIBUTION, ETC. (IMPRINT)
Place of publication, distribution, etc Delhi
Name of publisher, distributor, etc PHI Learning
Date of publication, distribution, etc 2019
270 ## - ADDRESS
Address Rimjhim House,111, Patparganj Industrial Estate
City Delhi
Postal code 110092
300 ## - PHYSICAL DESCRIPTION
Extent xix;500p.
Dimensions 23cm(pbk)
500 ## - GENERAL NOTE
General note Includes bibliographical references and index
942 ## - ADDED ENTRY ELEMENTS (KOHA)
Source of classification or shelving scheme Dewey Decimal Classification
Item type English Books
Classification part 005.82
Call number suffix PAC
Holdings
Withdrawn status Lost status Not for loan Collection code Home library Current library Date acquired Source of acquisition Cost, normal purchase price Full call number Barcode Copy number Cost, replacement price Koha item type
      Non-fiction Central Library Central Library 18/10/2019 DBAD/PUB 550.00 005.82 PAC EN-110229 1 550.00 English Books

© Delhi Public Library
Hit Counter
free hit counter